| 000 | 01249nam a2200313 a 4500 | ||
|---|---|---|---|
| 001 | ebr10194866 | ||
| 003 | CaPaEBR | ||
| 006 | m u | ||
| 007 | cr cn||||||||| | ||
| 008 | 020830s2003 gw a sb 001 0 eng | ||
| 020 | _z3110170051 (cloth : alk. paper) | ||
| 040 |
_aCaPaEBR _cCaPaEBR |
||
| 035 | _a(OCoLC)232160045 | ||
| 050 | 1 | 4 |
_aQA612.2 _b.B87 2003eb |
| 082 | 0 | 4 |
_a514/.224 _221 |
| 100 | 1 |
_aBurde, Gerhard, _d1931- |
|
| 245 | 1 | 0 |
_aKnots _h[electronic resource] / _cGerhard Burde, Heiner Zieschang. |
| 250 | _a2nd rev. and extended ed. | ||
| 260 |
_aBerlin ; _aNew York : _bWalter de Gruyter, _c2003. |
||
| 300 |
_axii, 559 p. : _bill. |
||
| 490 | 1 |
_aDe Gruyter studies in mathematics ; _v5 |
|
| 504 | _aIncludes bibliographical references (p. [367]-505) and indexes. | ||
| 533 |
_aElectronic reproduction. _bPalo Alto, Calif. : _cebrary, _d2013. _nAvailable via World Wide Web. _nAccess may be limited to ebrary affiliated libraries. |
||
| 655 | 7 |
_aElectronic books. _2local |
|
| 700 | 1 | _aZieschang, Heiner. | |
| 710 | 2 | _aebrary, Inc. | |
| 830 | 0 |
_aGruyter studies in mathematics ; _v5. |
|
| 856 | 4 | 0 |
_uhttp://site.ebrary.com/lib/rucke/Doc?id=10194866 _zAn electronic book accessible through the World Wide Web; click to view |
| 999 |
_c220756 _d220756 |
||